[Event "Monarch Assurance Isle of Man 15th"]
[Site "Port Erin IOM"]
[Date "2006.10.01"]
[Round "9.19"]
[White "Mannion, Stephen"]
[Black "Wells, Peter K"]
[Result "1/2-1/2"]
[WhiteElo "2346"]
[BlackElo "2480"]
[PlyCount "29"]
[EventDate "2006.09.23"]
[EventType "swiss"]
[EventRounds "9"]
[EventCountry "IOM"]

1. e4 c5 2. Nf3 Nc6 3. d4 cxd4 4. Nxd4 Nf6 5. Nc3 d6 6. Bg5 e6 7. Qd2 Be7 8.
O-O-O O-O 9. Nb3 Qb6 10. f3 Rd8 11. Nb5 Rd7 12. Qe1 a6 13. N5d4 Rd8 14. Be3 Qc7
15. Nxc6 1/2-1/2

[Event "Monarch Assurance Isle of Man 15th"]
[Site "Port Erin IOM"]
[Date "2006.10.01"]
[Round "9.20"]
[White "Kononenko, Tatiana"]
[Black "Williams, Simon K"]
[Result "1/2-1/2"]
[WhiteElo "2387"]
[BlackElo "2473"]
[PlyCount "144"]
[EventDate "2006.09.23"]
[EventType "swiss"]
[EventRounds "9"]
[EventCountry "IOM"]

1. d4 a6 2. c4 b5 3. e3 Bb7 4. Nf3 bxc4 5. Bxc4 e6 6. O-O Nf6 7. Nc3 d5 8. Bd3
Nbd7 9. Na4 c5 10. Nxc5 Nxc5 11. dxc5 Bxc5 12. b4 Bd6 13. Bb2 O-O 14. a3 Ne4
15. Nd2 Qe7 16. f4 Rfd8 17. Qg4 f5 18. Qe2 a5 19. b5 a4 20. Nf3 Rf8 21. Kh1
Rfc8 22. Rg1 d4 23. Bxd4 Bxa3 24. Rgf1 Nc3 25. Qf2 Bb4 26. Nd2 a3 27. Rfc1 Bd5
28. b6 Qb7 29. h3 Na2 30. Rxc8+ Rxc8 31. Nc4 Nc3 32. Bxc3 Bxc3 33. Rxa3 Bb4 34.
Ra7 Qc6 35. Qb2 Bf8 36. Ne5 Qc5 37. Nd7 Qxe3 38. Rc7 Qxh3+ 39. Kg1 Qe3+ 40. Kh1
Qh3+ 41. Kg1 Qe3+ 42. Qf2 Qxf2+ 43. Kxf2 Rxc7 44. bxc7 Bb7 45. Bc4 Bd6 46.
Bxe6+ Kh8 47. Ne5 Bxc7 48. Nf7+ Kg8 49. Nd6+ Kf8 50. Nxb7 Bxf4 51. Bxf5 g6 52.
Be4 Kf7 53. Nc5 Bd6 54. Nd3 Kf6 55. Kf3 Kg5 56. Nf2 Kf6 57. Bc2 Kg7 58. Ke4 Bb4
59. Ng4 Ba3 60. Ke5 Bb2+ 61. Ke6 Bc3 62. Nf2 Bb2 63. Ne4 Ba3 64. Bb3 Bb4 65.
Nf6 Bc3 66. Ne8+ Kf8 67. Nc7 Kg7 68. Kd5 Bb2 69. Ke4 Ba3 70. Ne6+ Kf6 71. g4
Bc1 72. Kf3 h5 1/2-1/2

[Event "Monarch Assurance Isle of Man 15th"]
[Site "Port Erin IOM"]
[Date "2006.10.01"]
[Round "9.21"]
[White "Sharma, Dinesh K"]
[Black "Kazhgaleyev, Murtas"]
[Result "0-1"]
[WhiteElo "2358"]
[BlackElo "2606"]
[PlyCount "134"]
[EventDate "2006.09.23"]
[EventType "swiss"]
[EventRounds "9"]
[EventCountry "IOM"]

1. e4 c5 2. Nf3 e6 3. d4 cxd4 4. Nxd4 a6 5. Nc3 b5 6. Bd3 d6 7. O-O Nf6 8. Qe2
Be7 9. Bd2 Qb6 10. Nb3 Qb7 11. f4 b4 12. Nd1 Nc6 13. Kh1 a5 14. Be3 e5 15. f5
Bd7 16. Bg5 a4 17. Nd2 Nd4 18. Qe1 Bb5 19. Ne3 Rc8 20. Rc1 Bxd3 21. cxd3 Rxc1
22. Qxc1 Ng4 23. Ndc4 Nxe3 {(=)} 24. Bxe3 O-O 25. Bxd4 exd4 26. f6 Bxf6 27.
Nxd6 Qa6 28. Nc4 Rd8 29. Qf4 Qe6 30. Qf5 Rc8 31. Qb5 h5 32. Qxb4 h4 33. Qxa4
Rc5 34. Qc2 h3 35. g3 Bg5 36. b4 Rb5 37. a3 f5 38. Qe2 fxe4 39. Qxe4 Qxe4+ 40.
dxe4 Rb8 41. Rd1 Rc8 42. Rxd4 Bf6 43. e5 Bxe5 44. Re4 Bb8 45. Kg1 Ba7+ 46. Kf1
g5 47. Ne3 Rc3 48. Ng4 Kf7 49. a4 Kg6 50. Rc4 Ra3 51. a5 Kf5 52. Nh6+ Ke6 53.
b5 Kd5 54. Rg4 Rxa5 55. Rxg5+ Ke4 56. Ng4 Ra1+ 57. Ke2 Ra2+ 58. Kd1 Bd4 59. Ke1
Rg2 60. b6 Bxb6 61. Nf6+ Kd3 62. Rd5+ Bd4 63. Rxd4+ Kxd4 64. Ng4 Ra2 65. Kf1
Ke4 66. Nf2+ Kf3 67. Nxh3 Ra1# 0-1

[Event "Monarch Assurance Isle of Man 15th"]
[Site "Port Erin IOM"]
[Date "2006.10.01"]
[Round "9.22"]
[White "Zatonskih, Anna"]
[Black "Peek, Marcel"]
[Result "1/2-1/2"]
[WhiteElo "2432"]
[BlackElo "2367"]
[PlyCount "29"]
[EventDate "2006.09.23"]
[EventType "swiss"]
[EventRounds "9"]
[EventCountry "IOM"]

1. d4 f5 2. g3 Nf6 3. Bg2 g6 4. Nf3 Bg7 5. b4 Nc6 6. a3 d6 7. Bb2 e5 8. dxe5
Ng4 9. Qc1 Ncxe5 10. Nxe5 dxe5 11. h3 Nh6 12. Qe3 Qe7 13. Bd5 c6 14. Bb3 f4 15.
Qc5 1/2-1/2

[Event "Monarch Assurance Isle of Man 15th"]
[Site "Port Erin IOM"]
[Date "2006.10.01"]
[Round "9.23"]
[White "Vasilevich, Tatjana"]
[Black "Quillan, Gary"]
[Result "0-1"]
[WhiteElo "2412"]
[BlackElo "2344"]
[PlyCount "104"]
[EventDate "2006.09.23"]
[EventType "swiss"]
[EventRounds "9"]
[EventCountry "IOM"]

1. d4 Nf6 2. c4 c5 3. d5 e6 4. Nc3 exd5 5. cxd5 d6 6. e4 g6 7. f4 Bg7 8. Bb5+
Nfd7 9. a4 Qh4+ 10. g3 Qd8 11. Nf3 O-O 12. O-O a6 13. Bc4 Nb6 14. Bd3 Bg4 15.
Be3 Re8 16. Qd2 N8d7 17. Rae1 Rc8 18. Ng5 h6 19. Nf3 Bh3 20. Rf2 Nf6 21. a5 Na8
22. f5 Ng4 23. Nd1 g5 24. Kh1 c4 25. Bb1 c3 26. bxc3 Nxf2+ 27. Bxf2 Bg4 28. Nd4
Bxd1 29. Rxd1 Bf6 30. h4 Qxa5 31. hxg5 hxg5 32. Rc1 Nb6 33. Nb3 Nc4 34. Qd1 Qc7
35. Bd4 Ne5 36. Kg2 Kg7 37. Nd2 Rh8 38. Nf3 Rh7 39. Qd2 Rch8 40. Bg1 Qe7 41.
Qe1 b5 42. Nd4 Rh5 43. Bc2 Qc7 44. Bd1 R5h6 45. Be2 Qc8 46. Ra1 R8h7 47. Ra2
Rh1 48. Nf3 Nxf3 49. Bxf3 Qc4 50. Qe2 Qxc3 51. Rxa6 Bd4 52. f6+ Kg6 0-1

[Event "Monarch Assurance Isle of Man 15th"]
[Site "Port Erin IOM"]
[Date "2006.10.01"]
[Round "9.24"]
[White "Ledger, Andrew J"]
[Black "Mohota, Nisha"]
[Result "1-0"]
[WhiteElo "2411"]
[BlackElo "2313"]
[PlyCount "101"]
[EventDate "2006.09.23"]
[EventType "swiss"]
[EventRounds "9"]
[EventCountry "IOM"]

1. e4 e5 2. Nf3 Nc6 3. Bb5 a6 4. Bxc6 dxc6 5. O-O f6 6. d4 exd4 7. Nxd4 c5 8.
Ne2 Qxd1 9. Rxd1 Bd6 10. Bf4 Bxf4 11. Nxf4 Bd7 12. Nc3 O-O-O 13. Rd2 Ne7 14.
Rad1 Nc6 15. f3 Rhe8 16. Kf2 b6 17. Nh5 Rg8 18. g4 Be6 19. Rxd8+ Nxd8 20. Nd5
Bxd5 21. Rxd5 Ne6 22. Rd2 Rd8 23. Rxd8+ Kxd8 24. Ke3 Ke7 25. Nf4 Nd4 26. c3 Nc6
27. Nd5+ Kd6 28. f4 Nd8 29. Kf3 b5 30. Ne3 Ke6 31. h4 c4 32. g5 c6 33. f5+ Kf7
34. Ng4 Nb7 35. e5 fxe5 36. Nxe5+ Kf8 37. Nxc6 Nc5 38. Ke3 Na4 39. Nb4 a5 40.
Nc6 Nxb2 41. Nxa5 Nd3 42. Nc6 h5 43. a3 Ne1 44. Nd4 g6 45. f6 Ng2+ 46. Ke4 Nxh4
47. Nxb5 Nf5 48. a4 h4 49. a5 h3 50. Kf3 Ne3 51. Kg3 1-0

[Event "Monarch Assurance Isle of Man 15th"]
[Site "Port Erin IOM"]
[Date "2006.10.01"]
[Round "9.25"]
[White "Zozulia, Anna"]
[Black "Roy Chowdhury, Saptarshi"]
[Result "0-1"]
[WhiteElo "2352"]
[BlackElo "2394"]
[PlyCount "110"]
[EventDate "2006.09.23"]
[EventType "swiss"]
[EventRounds "9"]
[EventCountry "IOM"]

1. e4 c5 2. Nf3 Nc6 3. d4 cxd4 4. Nxd4 e5 5. Nb5 d6 6. N1c3 a6 7. Na3 b5 8. Nd5
Nce7 9. c4 Nxd5 10. exd5 bxc4 11. Nxc4 Nf6 12. Bd2 Nd7 13. Qa4 Qc7 14. Rc1 Be7
15. Nxe5 Qb7 16. Nc6 Nc5 17. Qb4 Qd7 18. Be2 O-O 19. O-O Bb7 20. Be3 Rae8 21.
Qc4 Bd8 22. Nxd8 Rxd8 23. b4 Na4 24. Qb3 Rc8 25. Rxc8 Rxc8 26. Bd4 Qe8 27. Qg3
f6 28. Bg4 Rc4 29. Bxf6 Qf8 30. Be6+ Kh8 31. Bg5 Rxb4 32. Re1 Nc5 33. Bf5 Bxd5
34. Qh3 Bg8 35. Be7 Qe8 36. g3 Rd4 37. Qf1 Qf7 38. Bb1 Nd7 39. f4 Qd5 40. Qg2
Qc5 41. Qf2 Qb4 42. Bd8 Rd2 43. Qe3 Nc5 44. Bf5 Qb2 45. Bh3 Rxh2 46. Bf1 Qxa2
47. Re2 Rxe2 48. Qxe2 Qb3 49. Kh2 Ne6 50. Ba5 Nd4 51. Qf2 Nf3+ 52. Kg2 Bd5 53.
Kh3 Be4 54. Qb6 Qe6+ 55. Kg2 Qa2+ 0-1

[Event "Monarch Assurance Isle of Man 15th"]
[Site "Port Erin IOM"]
[Date "2006.10.01"]
[Round "9.27"]
[White "Grant, Alan"]
[Black "Ikonnikov, Vyacheslav"]
[Result "0-1"]
[WhiteElo "2193"]
[BlackElo "2587"]
[PlyCount "88"]
[EventDate "2006.09.23"]
[EventType "swiss"]
[EventRounds "9"]
[EventCountry "IOM"]

1. e4 c5 2. Nc3 Nc6 3. f4 g6 4. Nf3 Bg7 5. Bb5 Nd4 6. O-O e6 7. Nxd4 cxd4 8.
Ne2 Ne7 9. d3 O-O 10. Ba4 a6 11. Bb3 b5 12. a4 Bb7 13. Kh1 f5 14. e5 Nc6 15.
Qe1 g5 16. Ng3 gxf4 17. Bxf4 Qh4 18. axb5 axb5 19. Rxa8 Bxa8 20. Qe2 Rf7 21. c4
dxc3 22. bxc3 Ne7 23. Nh5 Ng6 24. d4 Qg4 25. Qxg4 fxg4 26. Ra1 Bc6 27. Bg3 Bh6
28. Nf6+ Kf8 29. Kg1 Be3+ 30. Bf2 Bxf2+ 31. Kxf2 Nf4 32. g3 Nh5 33. Ke3 Nxf6
34. exf6 Rxf6 35. d5 exd5 36. Bd1 Rf1 37. Kd4 Rh1 38. Rb1 h5 39. Ke5 Kg7 40.
Kf5 Kh6 41. Kf4 Rxh2 42. Bb3 Rf2+ 43. Ke5 Rf3 44. Bxd5 Rxc3 0-1

[Event "Monarch Assurance Isle of Man 15th"]
[Site "Port Erin IOM"]
[Date "2006.10.01"]
[Round "9.28"]
[White "Arkell, Keith"]
[Black "Savory, Richard J"]
[Result "1-0"]
[WhiteElo "2479"]
[BlackElo "2101"]
[PlyCount "123"]
[EventDate "2006.09.23"]
[EventType "swiss"]
[EventRounds "9"]
[EventCountry "IOM"]

1. d4 d5 2. Nf3 c6 3. c4 Nf6 4. Nc3 dxc4 5. a4 Bf5 6. Nh4 e6 7. Nxf5 exf5 8.
Bg5 Nbd7 9. e3 Bb4 10. Bxf6 Nxf6 11. Bxc4 O-O 12. Qb3 Qe7 13. O-O Ne4 14. Nxe4
fxe4 15. f3 Bd6 16. fxe4 Qxe4 17. Bxf7+ Kh8 18. Rf3 c5 19. Rd1 Rac8 20. Qe6
Qxe6 21. Bxe6 Rxf3 22. gxf3 Rf8 23. Bd5 b6 24. dxc5 Bxc5 25. Kf2 g5 26. Ke2 Re8
27. e4 Kg7 28. h4 h6 29. Bc6 Re6 30. Rd7+ Kf6 31. Bd5 Re7 32. Rd8 Rg7 33. Rh8
gxh4 34. Rxh6+ Kg5 35. Rh8 Kf6 36. Rxh4 Rg2+ 37. Kd3 Kg5 38. Rh7 Rxb2 39. Rxa7
Rb4 40. Bc6 Rb3+ 41. Kc4 Rxf3 42. Ra8 Rf1 43. Kd5 Kf4 44. Re8 Rd1+ 45. Kc4 Rc1+
46. Kb5 Rb1+ 47. Ka6 Bd4 48. Rd8 Bc5 49. Rd5 Re1 50. Rf5+ Ke3 51. Kb7 Kd4 52.
Rd5+ Kc4 53. Bb5+ Kc3 54. Rd3+ Kc2 55. Rh3 Kd2 56. Bc6 Re3 57. Rh5 Kc3 58. a5
Kd4 59. a6 b5 60. a7 Bxa7 61. Kxa7 b4 62. Rb5 1-0

[Event "Monarch Assurance Isle of Man 15th"]
[Site "Port Erin IOM"]
[Date "2006.10.01"]
[Round "9.29"]
[White "Groffen, Hans"]
[Black "Dworakowska, Joanna"]
[Result "0-1"]
[WhiteElo "2171"]
[BlackElo "2359"]
[PlyCount "54"]
[EventDate "2006.09.23"]
[EventType "swiss"]
[EventRounds "9"]
[EventCountry "IOM"]

1. d4 d5 2. c4 e6 3. Nf3 c6 4. e3 Bd6 5. Nc3 f5 6. Ne5 Nf6 7. f4 O-O 8. Be2
Nbd7 9. Bd2 Ne4 10. Nxe4 fxe4 11. Qb3 Nxe5 12. dxe5 Bc5 13. cxd5 cxd5 14. Rc1
b6 15. O-O a5 16. g3 Rf7 17. Rfe1 Rc7 18. Bf1 Bd7 19. Bc3 Rac8 20. Rcd1 Qe8 21.
Qc2 Ba4 22. b3 Bb4 23. bxa4 Rxc3 24. Qg2 Qxa4 25. Qh3 R3c6 26. Rd4 Qxa2 27.
Red1 Qb3 0-1

[Event "Monarch Assurance Isle of Man 15th"]
[Site "Port Erin IOM"]
[Date "2006.10.01"]
[Round "9.30"]
[White "Ashton, Adam"]
[Black "Szieberth, Adam"]
[Result "1/2-1/2"]
[WhiteElo "2329"]
[BlackElo "2328"]
[PlyCount "39"]
[EventDate "2006.09.23"]
[EventType "swiss"]
[EventRounds "9"]
[EventCountry "IOM"]

1. e4 c5 2. Nf3 e6 3. d4 cxd4 4. Nxd4 a6 5. Nc3 Qc7 6. Bd3 Nf6 7. O-O Nc6 8.
Be3 Nxd4 9. Bxd4 Bc5 10. Bxc5 Qxc5 11. Kh1 b5 12. f4 b4 13. Nb1 Bb7 14. Nd2 d5
15. e5 Ne4 16. Qe2 Nxd2 17. Qxd2 g6 18. a3 a5 19. axb4 axb4 20. Rxa8+ 1/2-1/2

[Event "Monarch Assurance Isle of Man 15th"]
[Site "Port Erin IOM"]
[Date "2006.10.01"]
[Round "9.31"]
[White "Al Sayed, Mohamad"]
[Black "Fox, Anthony"]
[Result "1-0"]
[WhiteElo "2492"]
[BlackElo "2117"]
[PlyCount "93"]
[EventDate "2006.09.23"]
[EventType "swiss"]
[EventRounds "9"]
[EventCountry "IOM"]

1. e4 e5 2. Nf3 Nc6 3. Bc4 Nf6 4. d3 Be7 5. Bb3 O-O 6. O-O d6 7. c3 Na5 8. Bc2
c5 9. Nbd2 Qc7 10. Re1 Be6 11. Nf1 Rad8 12. h3 Nc6 13. Qe2 a6 14. Ng3 Rfe8 15.
Ng5 h6 16. Nxe6 fxe6 17. Nh5 Rf8 18. Be3 Nxh5 19. Qxh5 Rf6 20. Rf1 Rdf8 21.
Rae1 Bd8 22. a3 Qf7 23. Qxf7+ R8xf7 24. g3 Rf8 25. Kg2 Kh8 26. b4 cxb4 27. axb4
Bc7 28. Rb1 b5 29. Ra1 a5 30. Rfb1 Rb8 31. Bd1 Rff8 32. Ra3 Kg8 33. Bg4 Kf7 34.
bxa5 Bxa5 35. d4 exd4 36. cxd4 b4 37. Ra4 Bb6 38. Ra6 Nxd4 39. Rxb4 Bc5 40.
Rxd4 Bxd4 41. Bxd4 e5 42. Be3 Rb4 43. Rxd6 Rxe4 44. Be6+ Ke8 45. Ra6 Rf6 46.
Ra8+ Ke7 47. Bd5 1-0

[Event "Monarch Assurance Isle of Man 15th"]
[Site "Port Erin IOM"]
[Date "2006.10.01"]
[Round "9.32"]
[White "Zimmerman, Yuri"]
[Black "Spanton, Tim"]
[Result "1-0"]
[WhiteElo "2374"]
[BlackElo "2075"]
[PlyCount "105"]
[EventDate "2006.09.23"]
[EventType "swiss"]
[EventRounds "9"]
[EventCountry "IOM"]

1. d4 d5 2. c4 Nc6 3. Nc3 dxc4 4. d5 Ne5 5. f4 Nd7 6. e4 Nb6 7. a4 a5 8. Be3 e6
9. dxe6 Bxe6 10. Qxd8+ Rxd8 11. f5 Bd7 12. Bxb6 cxb6 13. Bxc4 Nf6 14. Nf3 Bc5
15. h3 O-O 16. O-O-O Be3+ 17. Kc2 Rc8 18. Kb3 Nxe4 19. Rhe1 Nc5+ 20. Ka3 Bf2
21. Re2 Bg3 22. Nd5 Bd6 23. Nxb6 Nxa4+ 24. Rxd6 Nxb6 25. Rxb6 Rxc4 26. Ne5 Rc7
27. Nxd7 Rxd7 28. Rb5 Rfd8 29. Rxa5 Kf8 30. Rb5 Rd2 31. Rxd2 Rxd2 32. g4 Rd3+
33. Kb4 Rxh3 34. Kc5 Rg3 35. Rxb7 Rxg4 36. b4 Rf4 37. Kd6 g6 38. fxg6 fxg6 39.
b5 h5 40. b6 Rb4 41. Kc5 Rb2 42. Ra7 h4 43. b7 g5 44. Ra8+ Kg7 45. b8=Q Rxb8
46. Rxb8 Kg6 47. Kd4 Kf5 48. Ke3 Kg4 49. Kf2 Kh3 50. Rg8 g4 51. Rg7 g3+ 52. Kg1
g2 53. Rh7 1-0

[Event "Monarch Assurance Isle of Man 15th"]
[Site "Port Erin IOM"]
[Date "2006.10.01"]
[Round "9.33"]
[White "Hutchinson, Norman A"]
[Black "Meenakshi, S1."]
[Result "0-1"]
[WhiteElo "2107"]
[BlackElo "2310"]
[PlyCount "58"]
[EventDate "2006.09.23"]
[EventType "swiss"]
[EventRounds "9"]
[EventCountry "IOM"]

1. e4 c5 2. c3 d5 3. exd5 Qxd5 4. Nf3 Nf6 5. d4 e6 6. Na3 Nc6 7. Nb5 Qd8 8. Bf4
Nd5 9. Bg5 f6 10. c4 Nc7 11. Be3 Nxb5 12. cxb5 Nxd4 13. Nxd4 cxd4 14. Bxd4 e5
15. Bc3 Be6 16. Qf3 Bd5 17. Qg3 Qc7 18. Bd3 Bd6 19. Bxh7 O-O-O 20. Qg4+ Kb8 21.
Be4 Qc4 22. f3 Bb4 23. O-O-O Bxc3 24. Bxd5 Qxb5 25. Bb3 Bd4 26. Qe4 a5 27. Rd2
a4 28. Bf7 a3 29. b3 Qd7 0-1

[Event "Monarch Assurance Isle of Man 15th"]
[Site "Port Erin IOM"]
[Date "2006.10.01"]
[Round "9.34"]
[White "Walton, Alan J"]
[Black "Majer, Chris"]
[Result "1-0"]
[WhiteElo "2222"]
[BlackElo "1991"]
[PlyCount "111"]
[EventDate "2006.09.23"]
[EventType "swiss"]
[EventRounds "9"]
[EventCountry "IOM"]

1. d4 Nf6 2. Bg5 e6 3. e4 c5 4. e5 h6 5. Bc1 Nh7 6. c3 Nc6 7. Be3 cxd4 8. cxd4
d6 9. f4 dxe5 10. dxe5 Qxd1+ {(=)} 11. Kxd1 Be7 12. Bb5 Bd7 13. Nc3 O-O 14. Nf3
Rfd8 15. Ke2 Bb4 16. Bd3 Nf8 17. Ne4 Be8 18. g4 Nd7 19. g5 hxg5 20. Nexg5 Nb6
21. a3 Be7 22. h4 Nd5 23. Bd2 Bc5 24. Rhc1 Nd4+ 25. Nxd4 Bxd4 26. Rc2 Rac8 27.
Rac1 Rxc2 28. Rxc2 Bc6 29. Ne4 Bb6 30. b4 Ne7 31. Nd6 g6 32. b5 Bd5 33. a4 Nf5
34. Bxf5 exf5 35. a5 Bd4 36. Be3 Bxe3 37. Kxe3 Rd7 38. h5 Kg7 39. Rc8 Re7 40.
hxg6 fxg6 41. Kd4 Bf3 42. Rc3 Be2 43. Ke3 Bd1 44. b6 axb6 45. axb6 Ba4 46. Rc7
Kf8 47. Nxb7 Rxc7 48. bxc7 Bd7 49. Nd6 Ke7 50. c8=Q Bxc8 51. Nxc8+ Ke6 52. Nd6
g5 53. fxg5 Kxe5 54. Nc4+ Kd5 55. Kf4 Ke6 56. Ne3 1-0

[Event "Monarch Assurance Isle of Man 15th"]
[Site "Port Erin IOM"]
[Date "2006.10.01"]
[Round "9.35"]
[White "Cafolla, Peter"]
[Black "Spence, David J"]
[Result "0-1"]
[WhiteElo "2062"]
[BlackElo "2205"]
[PlyCount "72"]
[EventDate "2006.09.23"]
[EventType "swiss"]
[EventRounds "9"]
[EventCountry "IOM"]

1. Nf3 Nf6 2. g3 d5 3. Bg2 e6 4. O-O Be7 5. d3 O-O 6. Nbd2 c5 7. e4 Nc6 8. Re1
b5 9. e5 Nd7 10. c3 a5 11. a4 b4 12. d4 Ba6 13. Nf1 bxc3 14. bxc3 cxd4 15. Nxd4
Ndxe5 16. f4 Nxd4 17. fxe5 Nc6 18. Qg4 Kh8 19. Nd2 Rc8 20. c4 Bxc4 21. Nxc4
dxc4 22. Bf4 Nb4 23. Rad1 Nd3 24. Re2 Nxf4 25. Rxd8 Nxe2+ 26. Qxe2 Rfxd8 27.
Be4 c3 28. Bc2 Bb4 29. Qe4 g6 30. h4 Rd2 31. Qb7 Rf8 32. Qe4 Rfd8 33. Qf4 Kg8
34. Qf6 R8d7 35. Bb3 c2 36. Bxc2 Rxc2 0-1

[Event "Monarch Assurance Isle of Man 15th"]
[Site "Port Erin IOM"]
[Date "2006.10.01"]
[Round "9.36"]
[White "Fairbairn, Stephen"]
[Black "Collier, David"]
[Result "1/2-1/2"]
[WhiteElo "2088"]
[BlackElo "2175"]
[PlyCount "32"]
[EventDate "2006.09.23"]
[EventType "swiss"]
[EventRounds "9"]
[EventCountry "IOM"]

1. c4 Nf6 2. Nc3 e6 3. d4 Bb4 4. Qc2 b6 5. Bg5 h6 6. Bh4 g5 7. Bg3 Bb7 8. a3
Bxc3+ 9. Qxc3 Ne4 10. Qc2 d6 11. e3 Nxg3 12. hxg3 Nd7 13. Ne2 Qe7 14. Nc3 c5
15. d5 Nf6 16. O-O-O e5 1/2-1/2

[Event "Monarch Assurance Isle of Man 15th"]
[Site "Port Erin IOM"]
[Date "2006.10.01"]
[Round "9.37"]
[White "Sarakauskiene, Zivile"]
[Black "De Lagontrie, Jean"]
[Result "1-0"]
[WhiteElo "2158"]
[BlackElo "1974"]
[PlyCount "61"]
[EventDate "2006.09.23"]
[EventType "swiss"]
[EventRounds "9"]
[EventCountry "IOM"]

1. e4 e6 2. d4 d5 3. Nd2 Nf6 4. Bd3 c5 5. e5 Nfd7 6. c3 Nc6 7. Ne2 cxd4 8. cxd4
f6 9. exf6 Nxf6 10. Nf3 Bd6 11. O-O O-O 12. Bg5 Qc7 13. Rc1 h6 14. Bh4 Nh5 15.
Bg6 Nf4 16. Nxf4 Bxf4 17. Bg3 Qb6 18. Rc3 Bd7 19. Bb1 Be8 20. Qd3 g6 21. Rb3
Qc7 22. Bxf4 Rxf4 23. Qe3 Bf7 24. Rxb7 Qxb7 25. Qxf4 Qxb2 26. Qf6 Qa3 27. Bxg6
Qe7 28. Bxf7+ Qxf7 29. Qxh6 Rf8 30. Re1 Nd8 31. Re5 1-0

[Event "Monarch Assurance Isle of Man 15th"]
[Site "Port Erin IOM"]
[Date "2006.10.01"]
[Round "9.38"]
[White "Henderikse, Bert"]
[Black "Nicholson, John"]
[Result "1/2-1/2"]
[WhiteElo "2019"]
[BlackElo "1945"]
[PlyCount "40"]
[EventDate "2006.09.23"]
[EventType "swiss"]
[EventRounds "9"]
[EventCountry "IOM"]

1. d4 d5 2. Nf3 Nf6 3. c4 dxc4 4. e3 Nbd7 5. Bxc4 e6 6. O-O Be7 7. Nc3 O-O 8.
Qe2 c6 9. a4 Qc7 10. Rd1 e5 {(=)} 11. dxe5 Nxe5 12. Nxe5 Qxe5 13. f4 Qc5 14. h3
Be6 15. Bxe6 fxe6 16. Kh2 e5 17. Bd2 Bd6 18. Rac1 exf4 19. exf4 Qf5 20. g3 Ne4
1/2-1/2

[Event "Monarch Assurance Isle of Man 15th"]
[Site "Port Erin IOM"]
[Date "2006.10.01"]
[Round "9.39"]
[White "Lunn, Timothy"]
[Black "Werner, Gert"]
[Result "1-0"]
[WhiteElo "2079"]
[BlackElo "2069"]
[PlyCount "95"]
[EventDate "2006.09.23"]
[EventType "swiss"]
[EventRounds "9"]
[EventCountry "IOM"]

1. d4 Nf6 2. c4 g6 3. Nc3 Bg7 4. e4 d6 5. Be2 O-O 6. Nf3 e5 7. O-O Na6 8. Be3
Ng4 9. Bg5 f6 10. Bc1 h5 11. Rb1 c5 12. dxc5 dxc5 13. h3 Nh6 14. Be3 b6 15. Qa4
Nc7 16. Rfd1 Qe8 17. a3 Qxa4 18. Nxa4 Nf7 19. b4 cxb4 20. axb4 Bb7 21. Nc3 Rfd8
22. Rxd8+ Rxd8 23. Ra1 Ra8 24. Nd2 Bf8 25. c5 bxc5 26. bxc5 Kg7 27. Bc4 Nd8 28.
Nb3 Nc6 29. Na5 Nxa5 30. Rxa5 f5 31. f4 fxe4 32. fxe5 Be7 33. Ra1 h4 34. Kf2
Rf8+ 35. Ke2 Ra8 36. Ra5 a6 37. Bf4 g5 38. Be3 Rd8 39. Ra1 Kg6 40. Rb1 Ba8 41.
Rb6+ Kf5 42. e6 a5 43. Nb5 Nxb5 44. Rxb5 a4 45. Ra5 Bd5 46. c6 Kxe6 47. Rxd5
Rxd5 48. Bxd5+ 1-0

[Event "Monarch Assurance Isle of Man 15th"]
[Site "Port Erin IOM"]
[Date "2006.10.01"]
[Round "9.40"]
[White "Fraser-Mitchell, Jeremy"]
[Black "Marks, Ian A"]
[Result "1-0"]
[WhiteElo "2077"]
[BlackElo "1944"]
[PlyCount "25"]
[EventDate "2006.09.23"]
[EventType "swiss"]
[EventRounds "9"]
[EventCountry "IOM"]

1. d4 d5 2. c4 c6 3. cxd5 cxd5 4. Nf3 Nf6 5. Nc3 Nc6 6. Bf4 Bf5 7. e3 e6 8. Bb5
Qb6 9. Ne5 Be7 10. O-O O-O 11. Bxc6 bxc6 12. Na4 Qa5 13. Nxc6 1-0

[Event "Monarch Assurance Isle of Man 15th"]
[Site "Port Erin IOM"]
[Date "2006.10.01"]
[Round "9.41"]
[White "Ormsby, Alan"]
[Black "Henrichsen, Jens"]
[Result "0-1"]
[WhiteElo "1939"]
[BlackElo "2106"]
[PlyCount "96"]
[EventDate "2006.09.23"]
[EventType "swiss"]
[EventRounds "9"]
[EventCountry "IOM"]

1. e4 c5 2. Nf3 d6 3. d4 cxd4 4. Nxd4 Nf6 5. Nc3 a6 6. Bc4 e6 7. O-O Nbd7 8.
Bxe6 fxe6 9. Nxe6 Qb6 10. Nd5 Nxd5 11. exd5 Nc5 12. Nxf8 Kxf8 13. Qf3+ Kg8 14.
Re1 Bd7 15. Qg3 Rf8 16. Bd2 Rf7 17. b3 h5 18. Bg5 Bf5 19. Re8+ Kh7 20. Bd8 Qb4
21. Rxh8+ Kxh8 22. Qxd6 Qd4 23. Rf1 Ne4 24. Bb6 Nxd6 25. Bxd4 Bxc2 26. Be5 Rd7
27. f4 Bf5 28. Rd1 Bg4 29. Rd2 Ne4 30. Rd4 Nc3 31. Rd3 Nxd5 32. Kf2 Bf5 33. Rd2
Kg8 34. h3 h4 35. a3 Ne7 36. Re2 Kf7 37. Re3 Nc6 38. Bc3 Rd3 39. Rxd3 Bxd3 40.
Ke3 Bc2 41. b4 b5 42. Be1 Ne7 43. Kd2 Be4 44. g4 hxg3 45. Bxg3 Nf5 46. Bf2 Ke6
47. Kc3 Kd5 48. Kb3 Bf3 0-1

[Event "Monarch Assurance IoM U175 15th"]
[Site "Port Erin IOM"]
[Date "2006.09.25"]
[Round "1"]
[White "Burton, Nick"]
[Black "Beards, Christopher"]
[Result "1-0"]
[WhiteElo "1696"]
[BlackElo "1600"]
[PlyCount "31"]
[EventDate "2006.09.25"]
[EventType "swiss"]
[EventRounds "7"]
[EventCountry "IOM"]

1. e4 e5 2. Nf3 Nc6 3. Bb5 Nge7 4. O-O g6 5. c3 Bg7 6. d4 O-O 7. dxe5 Nxe5 8.
Nxe5 Bxe5 9. f4 c6 10. fxe5 Qb6+ 11. Qd4 Qxd4+ 12. cxd4 cxb5 13. d5 Kg7 14. Nc3
a6 15. Be3 f5 16. exf6+ 1-0

[Event "Monarch Assurance IoM U175 15th"]
[Site "Port Erin IOM"]
[Date "2006.09.25"]
[Round "1"]
[White "Couch, Douglas"]
[Black "Kennedy, Philip J"]
[Result "0-1"]
[WhiteElo "1152"]
[BlackElo "1656"]
[PlyCount "64"]
[EventDate "2006.09.25"]
[EventType "swiss"]
[EventRounds "7"]
[EventCountry "IOM"]

1. e4 c5 2. Nc3 Nc6 3. g3 g6 4. Bg2 Bg7 5. d3 d6 6. Be3 e6 7. Qd2 Rb8 8. Nge2
b5 9. O-O Nd4 10. Rab1 b4 11. Nd1 Qa5 12. Ra1 Qa4 13. Bxd4 cxd4 14. f4 Ne7 15.
Nf2 O-O 16. Ng4 f5 17. exf5 exf5 18. Nf2 Bb7 19. b3 Qd7 20. Bxb7 Qxb7 21. Nh3
h5 22. Rf2 Nd5 23. a3 a5 24. Kf1 Rfc8 25. Kg1 Ne3 26. axb4 Rxc2 27. Qe1 axb4
28. Rc1 Rbc8 29. Rxc2 Rxc2 30. Nc1 Qc6 31. Rxc2 Qxc2 32. Nf2 Qc6 0-1